000 00488nam a2200121Ia 4500
008 160712s9999 xx 000 0 und d
100 _aLacbawan Jr.,Macario B.
245 _cMacario B. Lacbawan Jr.
_aMarketing Death: Culture and the Making of a Life Insurance Market in China
260 _c2014
_bKasarinlan Philippine Journal of Third World Studies
300 _avol. 29 no. 1
650 _xINDEPENDENCE
856 _uhttp://journals.upd.edu.ph/index.php/kasarinlan/issue/view/486/showToc
999 _c297183
_d297183